History of Tipu Sultan / (Record no. 194561)
[ view plain ]
| 000 -LEADER | |
|---|---|
| fixed length control field | 00786nam a22001937a 4500 |
| 005 - DATE AND TIME OF LATEST TRANSACTION | |
| control field | 20230509150027.0 |
| 010 ## - LCCN (DPL NO) | |
| LC control number | B-747503-507 E.N.A./7.11.22 |
| 020 ## - INTERNATIONAL STANDARD BOOK NUMBER | |
| International Standard Book Number | 9788187879589 |
| Terms of availability | 650.00 |
| 035 ## - SYSTEM CONTROL NUMBER | |
| System control number | B-747503-507 |
| 037 ## - SOURCE OF ACQUISITION | |
| Source of stock number/acquisition | LG Publishers Distr. |
| 082 ## - DEWEY DECIMAL CLASSIFICATION NUMBER | |
| Classification number | 923.154 |
| 100 ## - MAIN ENTRY--PERSONAL NAME | |
| Personal name | Hasan, Mohibbul |
| 245 ## - TITLE STATEMENT | |
| Title | History of Tipu Sultan / |
| Statement of responsibility, etc | by Mohibbul Hasan |
| 260 ## - PUBLICATION, DISTRIBUTION, ETC. (IMPRINT) | |
| Place of publication, distribution, etc | Delhi |
| Name of publisher, distributor, etc | Aakar Books |
| Date of publication, distribution, etc | 2022 |
| 270 ## - ADDRESS | |
| Address | 28 E Pocket IV, Mayur Vihar, Phase I |
| City | Delhi |
| Postal code | 110091 |
| 300 ## - PHYSICAL DESCRIPTION | |
| Extent | xvi, 442p. |
| Dimensions | 22cm(pbk) |
| 942 ## - ADDED ENTRY ELEMENTS (KOHA) | |
| Source of classification or shelving scheme | Dewey Decimal Classification |
| Item type | English Books |
| Call number suffix | HAS |
| Classification part | 923.154 |
| Withdrawn status | Lost status | Not for loan | Collection code | Home library | Current library | Date acquired | Source of acquisition | Cost, normal purchase price | Full call number | Barcode | Copy number | Cost, replacement price | Koha item type |
|---|---|---|---|---|---|---|---|---|---|---|---|---|---|
| Non-fiction | Central Library | Central Library | 09/05/2023 | LG Publishers/L-220/30.11.22/175/23.11.22/13.12.22 | 650.00 | 923.154 HAS | B-747503 | 1 | 650.00 | English Books | |||
| Non-fiction | Mobile Library | Mobile Library | 09/05/2023 | LG Publishers/L-220/30.11.22/175/23.11.22/13.12.22 | 650.00 | 923.154 HAS | B-747504 | 2 | 650.00 | English Books | |||
| Non-fiction | Mobile Library | Mobile Library | 09/05/2023 | LG Publishers/L-220/30.11.22/175/23.11.22/13.12.22 | 650.00 | 923.154 HAS | B-747505 | 2 | 650.00 | English Books | |||
| Non-fiction | Patel Nagar | Patel Nagar | 09/05/2023 | LG Publishers/L-220/30.11.22/175/23.11.22/13.12.22 | 650.00 | 923.154 HAS | B-747506 | 1 | 650.00 | English Books | |||
| Non-fiction | Shahdara Branch | Shahdara Branch | 09/05/2023 | LG Publishers/L-220/30.11.22/175/23.11.22/13.12.22 | 650.00 | 923.154 HAS | B-747507 | 1 | 650.00 | English Books |
